| 000 | 00662nam a22002177a 4500 | ||
|---|---|---|---|
| 003 | OSt | ||
| 005 | 20210420063040.0 | ||
| 008 | 201127s1967 ||||| |||| 00| 0 eng d | ||
| 040 |
_aeng _beng _cDLC |
||
| 041 | _aeng | ||
| 080 |
_a61 (09) _bM-44 |
||
| 100 |
_9403 _aMcGehee, A. Harvey _eEditor |
||
| 245 |
_aOsler's Textbook Revisited _b: Reprint of Selected Sections with Commentaries |
||
| 250 | _aReprint | ||
| 260 |
_aNew York _bAppleton-Century-Crofts _c1967 |
||
| 300 | _a361 p. | ||
| 650 | 0 |
_9335 _aHistory of Medicine |
|
| 653 | _aმედიცინის ისტორია | ||
| 700 |
_9404 _aMcKusick, A. Victor _eEditor |
||
| 942 |
_2udc _cBK _eReprint |
||
| 999 |
_c478 _d478 |
||